Statystyki dla Komu strzelał Robert Lewandowski?

Kliknij tutaj aby rozwiązać quiz!

Ogólne statystyki

  • Ten quiz został rozwiązany 637 razy
    (331 od ostatniego zresetowania)
  • Średni wynik to 57 z 78

Statystyki odpowiedzi

Nr GolaPrzeciwnik% Poprawnych
11Niemcy
96%
27Niemcy
96%
78Francja
93%
72San Marino
93%
71San Marino
93%
17San Marino
93%
16San Marino
93%
1San Marino
93%
3San Marino
93%
67Hiszpania
91%
35Portugalia
91%
68Szwecja
89%
75Szwecja
89%
69Szwecja
89%
55Litwa
84%
54Litwa
84%
19Litwa
84%
32Irlandia
83%
2Irlandia
83%
77Arabia Saudyjska
82%
76Belgia
82%
39Dania
81%
38Dania
81%
37Dania
81%
15Grecja
81%
60Łotwa
80%
58Łotwa
80%
59Łotwa
80%
56Łotwa
80%
61Słowenia
78%
30Szkocja
77%
31Szkocja
77%
46Rumunia
76%
45Rumunia
76%
42Rumunia
76%
41Rumunia
76%
44Rumunia
76%
64Węgry
76%
70Albania
75%
10Norwegia
74%
65Andora
73%
66Andora
73%
14Andora
73%
74Andora
73%
73Andora
73%
33Islandia
67%
34Islandia
67%
18Czarnogóra
64%
51Czarnogóra
64%
43Czarnogóra
64%
62Bośnia i Hercegowina
63%
63Bośnia i Hercegowina
63%
53Chile
63%
24Gruzja
63%
25Gruzja
63%
26Gruzja
63%
40Armenia
62%
50Armenia
62%
49Armenia
62%
48Armenia
62%
47Kazachstan
62%
36Kazachstan
62%
13Białoruś
61%
23Gibraltar
61%
29Gibraltar
61%
28Gibraltar
61%
22Gibraltar
61%
21Gibraltar
61%
20Gibraltar
61%
6Bułgaria
59%
12Korea Południowa
59%
52Korea Południowa
59%
57Izrael
54%
7Australia
50%
8Wybrzeże Kości Słoniowej
43%
9Wybrzeże Kości Słoniowej
43%
4Singapur
28%
5Singapur
28%

Rozkład punktacji

Percentyl według liczby udzielonych odpowiedzi

Procent ludzi z każdym wynikiem

Twoja historia wyników

Nie rozwiązałeś tego quizu od ostatniego zresetowania